zpět

Detail výsledku týmu

The Pub Praha 2 ČT, Praha

Datum a čas kvízu

35 Celkem bodů Celkový počet nahraných bodů na tomto kvízu bez doplňovacích otázek.
4. Pořadí na kvízu Konečné umístění týmu na tomto kvízu.

Zaznamenané odpovědi

# Otázka Odpověď Body Výsledky
1. Muž jménem Martin Vondrášek se... policejní prezident 1
2. Ve které evropské zemi začaly... v Maďarsku, též Srbsku 1
3. Na tradičním slavnostním cerem... V rytmu srdce, Chris Rock 0.5
4. Česká technologie S.A.W.E.R. v... vodu (z pouštního vzduchu) 1
5. Jak se jmenuje nová světová je... Iga Świąteková 1
6. Operace Seelöwe, v češtině tak... o Velkou Británii 1
7. Desková hra Krycí jména vydaná... Mindok 1
8. Od 29. prosince 1941 do 18. če... Jan Kubiš a Jozef Gabčík 1
9. Vzpomenete si na název životop... Krycí jméno Donnie Brasco (originální název Donnie Brasco) 0
10. Pravá identita italské spisova... Elena Ferrante 1